| 000 | 01094nac a22002411u 4500 | ||
|---|---|---|---|
| 010 | _a 2005047331 | ||
| 020 | _a0750678836 (acid-free paper) | ||
| 082 | 0 | 0 |
_a622.1828072 _bD2212 |
| 090 |
_c2402 _d2402 |
||
| 100 | _aDarling, Toby. | ||
| 245 | 1 | 0 |
_aWell logging and formation evaluation / _cToby Darling. |
| 260 |
_aBurlington, MA : _bGulf Professional Pub.,2005 _c2005. |
||
| 300 |
_aix, 326 p. : _bill. ; _c24 cm. |
||
| 440 | 0 | _aGulf drilling guides | |
| 500 | _aIncludes index. | ||
| 650 | 0 |
_aGeophysical well logging _xStatistical methods. |
|
| 650 | 0 |
_aGeophysical well logging _xMathematical models. |
|
| 650 | 0 |
_aProspecting _xGeophysical methods. |
|
| 856 | 4 | 2 |
_3Publisher description _uhttp://www.loc.gov/catdir/enhancements/fy0624/2005047331-d.html |
| 856 | 4 | 2 |
_3Table of contents only _uhttp://www.loc.gov/catdir/enhancements/fy0624/2005047331-t.html |
| 942 |
_cBB _k622.1828072 D2212 |
||
| 999 |
_c2402 _d2402 |
||